Campesinado y biotecnología: notas para una reflexión /
Se refiere a la posibilidad de utilizar la biotecnología en el campo, la cual hasta ahora no ha sido utilizada, la que representa grandes posibilidades y podría estar disponible alrededor de la segunda década del próximo milenio. Por el momento es importante ir creando un marco institucional, modern...
Сохранить в:
| Главный автор: | |
|---|---|
| Соавтор: | |
| Формат: | Материалы конференции |
| Язык: | Spanish |
| Опубликовано: |
Punta de Tralca, Chile:
GIA. CLACSO,
1988
|
| Предметы: | |
| Метки: |
Добавить метку
Нет меток, Требуется 1-ая метка записи!
|
MARC
| LEADER | 00000 a a2200000 04500 | ||
|---|---|---|---|
| 001 | 1911 | ||
| 003 | cru IIS | ||
| 005 | 20220208122021.0 | ||
| 008 | 220208b |||||||| |||| 00| 0 spa d | ||
| 040 | |c cru IIS | ||
| 090 | |a 10407.00 | ||
| 100 | 1 | |a Schejtman, Alexander | |
| 245 | 1 | |a Campesinado y biotecnología: |b notas para una reflexión / |c Alexander Schejtman | |
| 260 | |a Punta de Tralca, Chile: |b GIA. CLACSO, |c 1988 | ||
| 300 | |a 13 p | ||
| 520 | |a Se refiere a la posibilidad de utilizar la biotecnología en el campo, la cual hasta ahora no ha sido utilizada, la que representa grandes posibilidades y podría estar disponible alrededor de la segunda década del próximo milenio. Por el momento es importante ir creando un marco institucional, modernizando la agricultura campesina. Así sobre la práctica del uso de la genética convencional podría utilizarse la biotecnología para lo que es necesario la descentralización de las experimentaciones y de los recursos, jeraquizar los problemas y además evaluar y establecer un sistema informativo entre regiones. MR/JM | ||
| 650 | |a CAMPESINADO | ||
| 650 | |a BIOINGENIERIA | ||
| 650 | |a TECNOLOGIA | ||
| 711 | 2 | |9 9492 |a Seminario Internacional: La Agricultura Latinoamericana: crisis, transformaciones y perspectivas. |c Punta de Tralca, Chile, |d 1988 septiembre 1-4 | |
| 942 | |2 ddc |c LI | ||
| 999 | |c 10545 |d 10545 | ||
